000 00475nam a22001697a 4500
999 _c4255
_d4255
003 GBCCL
005 20241126110514.0
008 180117b xxu||||| |||| 00| 0 eng d
040 _cgbc
082 _a222.12007
_bJEN
100 _aJensen, Irving L.
_97323
245 _aExodus:
_bA Self-Study Guide /
_cIrving L. Jensen
260 _bMoody Press,
_aChicago:
_c1967
300 _a112 p.;
_bill.,
_c22 cm.
650 _aBible- Exodus-study and teaching
_910687
942 _2ddc
_cBK
_07